| 000 | 00426nam a22001457a 4500 | ||
|---|---|---|---|
| 008 | 230608b |||||||| |||| 00| 0 eng d | ||
| 040 |
_aNational Science Library _cNational Science Library |
||
| 080 |
_aR 802.0-314.1 _bJ1;1 |
||
| 245 | _aWebster's dictionary of synonyms | ||
| 260 |
_aPhilippines: _bG & C Merriam Co Publishers, _c1942 |
||
| 300 | _a902p. | ||
| 650 | _aLanguage | ||
| 653 | _aDictionary | ||
| 942 |
_2udc _cREF |
||
| 999 |
_c40881 _d40881 |
||